[Event "Syre Memorial op 33th"]
[Site "Issy les Moulineaux"]
[Date "2010.05.16"]
[Round "6"]
[White "Steevensz, Carel"]
[Black "Atamian, Claude"]
[Result "1-0"]
[WhiteElo "2104"]
[BlackElo "1616"]
[PlyCount "39"]
[EventDate "2010.05.13"]
[EventType "swiss"]
[EventRounds "6"]
[EventCountry "FRA"]
[SourceTitle "EXT 2011"]
[Source "ChessBase"]
[SourceDate "2010.11.26"]
[SourceVersion "1"]
[SourceVersionDate "2010.11.26"]
[SourceQuality "1"]

1. d4 e6 2. c4 f5 3. g3 Nf6 4. Bg2 Be7 5. Nf3 0-0 6. 0-0 d6 7. Nc3 Qe8 8. b3 a5 9. Bb2 Qg6 10. Qc2 Nbd7 11. Rfe1 Ne4 12. Nd2 Nxd2 13. Qxd2 Nf6 14. e3 d5 15. cxd5 Bb4 16. dxe6 Ne4 17. Qc2 Nf6 18. d5 Ra6 19. a3 Be7 20. Nb5 1-0

[Event "Paris-ch op-B"]
[Site "Paris"]
[Date "2009.07.04"]
[Round "1"]
[White "Atamian, Claude"]
[Black "Baches, Frederic"]
[Result "0-1"]
[WhiteElo "1636"]
[BlackElo "1840"]
[PlyCount "88"]
[EventDate "2009.07.04"]
[EventType "swiss"]
[EventRounds "9"]
[EventCountry "FRA"]
[SourceTitle "EXT 2010"]
[Source "ChessBase"]
[SourceDate "2010.11.25"]
[SourceVersion "1"]
[SourceVersionDate "2010.11.25"]
[SourceQuality "1"]

1. e4 d5 2. exd5 Qxd5 3. Nc3 Qa5 4. d4 Nf6 5. Bd2 Bg4 6. f3 Bd7 7. Bc4 Qb6 8. Nge2 e6 9. Bb3 Bd6 10. Bg5 Be7 11. Qd2 0-0 12. 0-0-0 a5 13. Ba4 Bxa4 14. Nxa4 Qc6 15. Nac3 a4 16. h4 b5 17. d5 exd5 18. Nxd5 Nxd5 19. Qxd5 Qxd5 20. Rxd5 Bxg5+ 21. hxg5 c6 22. Rd6 f6 23. gxf6 Rxf6 24. Rhd1 Kf7 25. Ng3 Rxd6 26. Rxd6 g6 27. Ne4 Ke7 28. Kd2 Ra7 29. Kc3 a3 30. b3 Ra6 31. g3 Nd7 32. f4 Nb6 33. Kd2 Nd5 34. c3 b4 35. Rd7+ Kxd7 36. Nc5+ Kd6 37. Nxa6 bxc3+ 38. Kc2 c5 39. Kd3 Nb4+ 40. Nxb4 cxb4 41. Kc2 h5 42. Kd3 Kd5 43. Ke3 Ke6 44. Kd3 Kf5 0-1